000
00391nam a22001577a 4500
003
MPLRDC
005
20220104144410.0
008
210129b ||||| |||| 00| 0 eng d
082
_a
782.881 LX-9 c.3
100
_a
许寿裳、郑振铎 著
245
_a
作家谈鲁迅
_c
260
_a
_b
文学研究社
_c
1966
300
_b
平
650
_a
鲁迅传记
942
_c
BK
_o
782.881 LX-9 c.3
999
_c
49233
_d
49223